La Corte Suprema en escena: una etnografía del mundo judicial

Guardat en:
Dades bibliogràfiques
Autor principal: Barrera, Leticia (Autor)
Format: Llibre
Idioma:espanyol
Publicat: Buenos Aires Siglo Veintiuno Editores 2012
Edició:1a. ed
Col·lecció:Derecho y Política
Matèries:
Etiquetes: Afegir etiqueta
Sense etiquetes, Sigues el primer a etiquetar aquest registre!

MARC

LEADER 00000cam a2200000 a 4500
001 UCF9273
003 CL-VaPUC
008 131111e20120000ag |||||||||||||||||spa|d
020 |a 9789876292337 
082 0 4 |a 347.012  |b BAR  |2 21 
100 0 |a Barrera, Leticia  |e author  |9 571556 
245 1 3 |a La Corte Suprema en escena: una etnografía del mundo judicial 
250 |a 1a. ed 
300 |a 176 p 
942 |c BK 
945 |d 20131111 15:03:00  |a dcastane 
260 |a Buenos Aires  |b Siglo Veintiuno Editores  |c 2012 
600 0 7 |a CORTE SUPREMA  |2 CL-VaPUC  |9 389044 
650 7 |a CONSTITUCIONALIDAD  |2 CL-VaPUC  |9 255951 
650 0 |a Jurisprudencia  |9 255952 
650 0 |a Derecho constitucional   |9 222588 
583 |a last modification  |c 20131111 15:03:00  |k Rodrigo Vera 
490 0 |a Derecho y Política 
999 |c 353746  |d 353744 
952 |0 0  |1 0  |3 erb  |4 0  |6 347_012000000000000_BAR_2012  |7 0  |8 A  |9 459120  |a BIBDER  |b BIBDER  |d 2019-11-23  |i 5025494  |o 347.012 BAR 2012  |p 5025494  |r 2023-01-25  |w 2019-11-23  |y BK  |z Catalogado en:20131111  |k DER